[Event "Linz"]
[Site "Linz"]
[Date "1997.05.22"]
[Round "6"]
[White "Bacrot, Etienne"]
[Black "Romanishin, Oleg M"]
[Result "1-0"]
[WhiteElo "2500"]
[BlackElo "2555"]
[Annotator "Ribli,Z"]
[PlyCount "153"]
[EventDate "1997.05.17"]
[EventType "tourn"]
[EventRounds "9"]
[EventCountry "AUT"]
[EventCategory "12"]
[SourceTitle "CBM 059"]
[Source "ChessBase"]
[SourceDate "1997.08.01"]
[SourceVersion "1"]
[SourceVersionDate "1997.08.01"]
[SourceQuality "1"]

1. e4 {Hecht Bacrot} c5 2. Nf3 e6 3. d4 cxd4 4. Nxd4 Nc6 5. Nb5 {Die andere
Hauptvariante ist 5.Nc3.Ribli.} d6 (5... Nf6 6. Bf4 $5 (6. N1c3 {Das führt zur
normalen Hauptvariante, der Läuferzug ist aber meines Erachtens noch stärker.
Ribli.}) 6... e5 7. Bg5 $14) 6. c4 (6. Bf4 e5 7. Be3 {[%csl Gd5] Das ist die
andere - seinerzeit von Fischer bevorzugte -Variante für Weiß.Ribli.}) 6... Nf6
7. N1c3 a6 8. Na3 Be7 9. Be2 O-O 10. O-O b6 11. Be3 Bb7 {Es ist eine typische
Igelstellung entstanden, jedoch mit N auf c6. Ich möchte anmerken, daß der
ideale Figurenaufbau fuer Schwarz Nbd7 und Nf6 wäre. Das ist elastischer als
in unserer Partie. Aber Weiß hat auch seine Problemchen, sein Na3 macht keinen
stolzen Eindruck. Trotzdem kontrolliert der Anziehande dank seiner Pc4 und Pe4
mehr Raum. Schwarz hingegen verfügt über eine etwas passive, aber gut
verteidigungsfähige Stellung.  Es ist eine Gewohnheitsphrase zu erwähnen, daß
er ausgezeichnet steht, wenn er zu b5 oder d5 kommt.Ribli.} 12. Qb3 Nd7 13.
Rac1 Rc8 (13... Rb8 14. Rfd1 Ba8 15. Rd2 Re8 16. Qd1 Rb7 17. Nab1 Qb8 18. Qf1
Rc7 19. Rdd1 Rcc8 20. a3 Red8 21. b4 {1-0 Wahls,M-Dokhoian,Y/BL9394 1994 (40)})
(13... Re8 14. Rfd1 Rc8 (14... Bf8 15. Bf1 Rc8 16. Qc2 Nce5 17. h3 Qc7 18. f3
Nf6 19. Qf2 Ned7 20. Nc2 d5 21. cxd5 exd5 22. exd5 Bd6 {1-0 Karpov,
A-Romanishin,O/Moscow-4teams 1981 (33)}) 15. Qc2 (15. Rd2 Nce5 16. Qd1 Ng6 17.
Bf1 (17. Qf1 Qc7 18. Rdd1 Qb8 19. f3 Bf6 20. Nab1 Bd8 21. Kh1 {1/2-1/2 Psakhis,
L-Romanishin,O/Szirak 1986}) 17... Qc7 18. Rdc2 Bf6 19. Nab1 Qb8 20. f3 Be5 21.
h3 Rcd8 22. Rd2 Ba8 {Marjanovic,S-Romanishin,O/Dortmund 1982/0-1 (86)}) 15...
Nce5 16. f4 Ng6 17. g3 Rc7 {1/2-1/2 Georgiev,K-Ribli,Z/Calcutta 1992}) (13...
Nc5 14. Bxc5 $2 bxc5 {[%csl Rd4]} 15. Qxb7 $2 Na5 {Das ist eine typische Falle
in dieser Stellung.Ribli.}) 14. Rfd1 Qc7 (14... Na5 15. Qa4 Ne5 16. f4 Nd7 17.
b4 Nxc4 18. Nxc4 b5 19. Nxb5 axb5 20. Qxb5 Bxe4 21. Nxd6 Rxc1 22. Bxc1 Bxd6 23.
Rxd6 Qc7 24. Rd1 Qa7+ 25. Kh1 Nf6 {1/2-1/2 Adams,M-Anastasian,A/London Lloyds
1991 (41)}) (14... Re8 $5) 15. Rd2 (15. Nd5 exd5 16. cxd5 Nc5 17. Bxc5 dxc5 18.
dxc6 Qxc6 $11) 15... Rfe8 16. Kh1 (16. Qd1 {/\17.Nd5} Qb8 17. Bf1 (17. f3 Ba8
18. Qf1 Nce5 19. Nab1 Nf6 20. Kh1 h6 21. Rdd1 Bf8 22. Nd2 Rcd8 23. Qf2 Ned7 {
Karpov,A-Andersson,U/Milano 1975/0-1 (79)}) 17... Ba8 18. Kh1 Bf8 19. f3 h6 20.
Qe1 Nce5 21. Qg3 {Yudasin,L-Illescas Cordoba,M/Pamplona 1990/1-0 (69)}) (16.
Nd5 $6 exd5 17. cxd5 Nc5) 16... Qb8 17. Qd1 (17. Bxb6 $2 Nxb6 18. Qxb6 Bg5 $17
{[%cal Rg5c1]}) 17... Ba8 18. f3 {Zuerst muß Weiß seine Stellung sehr
vorsichtig verteidigen, alles vorbereiten und erst in einem günstigen
Augenblick den Angriff starten. Ein sofortiger Bauernsturm wäre immer ideal
für Schwarz.Ribli.} Nce5 19. Qg1 {[%cal Yg1b6]} (19. Qf1 {Bacrot} Nf6 20. Nc2
$13) 19... Bd8 (19... Bf8 20. Na4 {[%csl Rb6]}) (19... Bc6) (19... Kh8 {Bacrot}
) 20. Rcd1 Bc7 {Das ist ein bekanntes Läufermanöver. In unserer Partie ist die
weiße Königsstellung so sicher, daß Schwarz nicht zu d6-d5 kommt und sein Heil
in Drohungen auf der Diagonalen b8-h2 sucht.Ribli.} (20... Be7 {Bacrot}) 21.
Nc2 {Der Pc4 hängt nicht mehr, so kehrt der Springer ins Spiel zurück.Ribli.}
Bb7 22. b3 Ng6 23. Bf1 {Das ist ein typischer Manöverkampf. Es trifft zwar zu,
daß Schwarz seine Schwächen b6 und d6 mit dem Läufer deckt, aber der Läufer
steht nicht besonders gut auf c7.Ribli.} Nge5 24. Qf2 Ng6 25. Be2 Ne7 (25...
Nge5 $5) (25... Nge5 {Bacrot} 26. f4 Ng6 27. e5 $18) 26. Bf4 e5 $2 {Nach dem
Partiezug hat Weiß klaren Positionsvorteil. Der Läufer auf c7 ist sehr
schlecht, und Weiß beherrscht das Feld d5.Ribli.} (26... Ne5 $5 27. Na4 (27.
Bxe5 $2 dxe5 {[%csl Yd4] Schwarz hat einen Doppelbauern, aber das ist aufgrund
seiner Kontrolle über das Feld d4 nicht von Bedeutung, .Ribli.}) (27. Bg3 $14 {
Bacrot}) 27... Ba8) 27. Be3 f5 {Schwarz spielt zwar konsequent, aber nach
diesen zwei "aktiven" Zügen hat er große positionelle Schwächen in seinem
Lager.Ribli.} 28. exf5 Nxf5 29. Bd3 $1 Rf8 (29... Nxe3 30. Nxe3 {[%csl Rd5]
[%cal Ye3d5,Yc3d5]} (30. Nxe3 {Bacrot} Rf8 (30... Nf6 31. Ne4 $16) 31. Qh4 h6
32. Ncd5 $16)) 30. Bxf5 (30. Be4 {Das wäre auch möglich, denn nach dem
Läufertausch ist die Schwächung des Feldes d5 noch fühlbarer. Der vom jungen
Franzosen gewählte Zug ist jedoch einfach und gut.Ribli.}) 30... Rxf5 31. Nb4 {
[%csl Rd5][%cal Rb4d5]} Nf6 32. Ncd5 Nxd5 33. Nxd5 (33. cxd5 $5 {Bacrot} b5 34.
Nc6 Bxc6 35. dxc6) 33... Bxd5 {Solch ein Springer muß getauscht werden. Im
folgenden Mittel- und Endspiel hat Schwarz jedoch keine Hoffnung zu überleben.}
34. Rxd5 $16 Rcf8 35. h3 {Weiß hat einen guten, Schwarz einen schlechten
Läufer, d5 ist eine positionelles Loch und darüber hinaus bekommt Schwarz kein
Gegenspiel.Ribli.} h6 36. Qg3 R5f6 37. Qg4 Qe8 38. Bc1 $1 {[%cal Yc1a3,Ya3d6]
Weiß verbessert seine Läuferstellung.Ribli.} Kh8 39. Ba3 Rf4 (39... Qe7 {Bacrot
}) 40. Qg3 e4 {Es ist logisch,daß Schwarz -statt der passiven Verteidigung des
Bauern d6- Gegenspiel sucht.Ribli.} 41. Bb2 $1 {[%cal Rb2g7]} Qe7 (41... R8f7
42. Bxg7+ $16) (41... R4f7 42. Re1 {[%cal Re1e4]}) (41... Qf7 {Bacrot} 42. Rh5
exf3 43. Rxh6+ Kg8 44. Bxg7 fxg2+ 45. Kh2 $18) 42. Re1 b5 (42... Kh7 43. Rxe4
Rxe4 44. fxe4 $16) 43. Qg6 $1 {[%cal Rg6h6]} Kg8 $8 (43... Rh4 {Bacrot} 44.
fxe4 $18) 44. Rh5 {[%cal Rh5h6]} Qf7 45. Rxh6 Qxg6 46. Rxg6 {[%csl Rg7] Weiß
hat einen Bauern mehr, und auf g7 hängt der zweite.Ribli.} R8f7 47. Bc1 R4f5 (
47... Rh4 {Bacrot} 48. Bg5 Rh5 49. Rxe4 bxc4 50. bxc4 Kh7 51. Ree6 $18 {
/\52.h4 Xh5}) 48. Rxe4 bxc4 49. bxc4 (49. Rxc4 {Dieser Rückschlag wäre auch
gut.Ribli.}) 49... d5 50. Re8+ Kh7 51. Rg4 dxc4 52. Rh4+ Kg6 53. Re6+ {Jeder
Tausch bedeutet, daß Weiß einen Schritt näher an den Gewinn vorankommt.} R5f6
54. Rxf6+ gxf6 55. Rxc4 {Da Weiß seine Bauernmehrheit am Königsflügel hat, ist
sein Vorteil nicht so leicht zu verwerten, aber zwei Bauern müssen für den
Sieg ausreichen.Ribli.   Hecht: zwei weiße Mehrbauern garantieren den Gewinn.
Aufnahme in Endspieldatenbank nur wegen des finalen Schlußwitzes.} Rd7 56. Bf4
Bb6 57. Rc6 (57. Rc2 {Bacrot}) 57... Rd1+ 58. Kh2 Rb1 59. Kg3 a5 60. Be5 (60.
Kg4 Rb2 61. g3 Bd4 62. h4 Rxa2 63. h5+ Kf7 64. Kf5 $16 {Das scheint mir viel
überzeugender als die Partiefortsetzung.Ribli.}) (60. Rc2 $142 {Bacrot}) 60...
Bd8 61. Bd4 Rb4 62. Be5 (62. Rd6 $4 Bc7 $19) (62. Ba1 {Bacrot} Rb1 63. Be5 $18)
62... Ra4 63. h4 {Endlich findet Bacrot den richtigen Weg zum Gewinn.Ribli.}
Rxa2 64. h5+ Kf7 (64... Kxh5 65. Bxf6 Bxf6 66. Rxf6 {Und die zwei verbundenen
weißen Freibauern -unterstützt vom König- müssen leicht gewinnen.Ribli.} (66.
Rxf6 {Bacrot} Kg5 67. Rb6 $1 a4 68. Rb5+ Kf6 69. Ra5 a3 70. f4 Ra1 71. Kf3 a2
72. Kg4 $18)) 65. Rc8 Be7 (65... Bb6 66. Bxf6 Kxf6 67. Rc6+ $18) 66. Bf4 Ra1 {
[%cal Ya1h1,Yh1h5]} 67. Rc7 Ke6 68. Kh2 $1 {Vermeidet schwarze
Verteidigungsmanöver. Schwarz hat nur einen Bauern weniger, aber der weiße
h-Bauer ist so aktiv, daß Schwarz sich kaum verteidigen kann.Ribli.} (68. h6
Rh1 {[%csl Gh1][%cal Gh1h6]}) 68... Ra4 69. g3 Rd4 70. Ra7 a4 71. h6 a3 (71...
Rd8 72. Rxa4 $18) 72. Ra8 $18 Rd5 (72... Rd8 73. Rxd8 Bxd8 74. h7 $18) 73. g4
a2 74. Rxa2 Rd8 75. Kg3 Kf7 76. Ra7 {[#]} Ke6 77. g5 {Und Schwarz gab auf.
Ribli.} (77. g5 fxg5 (77... Rg8 78. h7 Rh8 79. g6 $18) 78. Rxe7+ Kxe7 79. Bxg5+
$18) 1-0

[Event "MK Cafe Cup-A"]
[Site "Koszalin"]
[Date "1999.08.08"]
[Round "6"]
[White "Malakhov, Vladimir"]
[Black "Bologan, Viktor"]
[Result "1/2-1/2"]
[WhiteElo "2570"]
[BlackElo "2620"]
[Annotator "Ribli,Z"]
[PlyCount "126"]
[EventDate "1999.08.03"]
[EventType "swiss"]
[EventRounds "9"]
[EventCountry "POL"]
[SourceTitle "CBM 073"]
[Source "ChessBase"]
[SourceDate "1999.12.01"]
[SourceVersion "1"]
[SourceVersionDate "1999.12.01"]
[SourceQuality "1"]

{[%mdl 4128]} 1. e4 c5 2. Nf3 e6 3. d4 cxd4 4. Nxd4 Nc6 5. Nb5 {Mit diesem Zug
strebt Weiss nach ruhigem Spiel mit Raumvorteil. Ribli.} d6 6. c4 Nf6 7. N1c3
a6 8. Na3 Be7 {Die Alternative ist 8...d5. In diesem Fall opfert Schwarz einen
Bauern. kann er ihn zurückgewinnen, hat er Ausgleich.} 9. Be2 O-O 10. O-O b6
11. Be3 Bb7 {Wir haben eine typische Igelstellung.} 12. Rc1 (12. Qb3 Nd7 13.
Rfd1 (13. Rac1 Rc8 (13... Nc5 14. Bxc5 $2 bxc5 {[%csl Rd4]} 15. Qxb7 $2 Na5 {
Das ist eine typische Falle in dieser Stellung.Ribli.}) 14. Rfd1 Na5 (14... Re8
$5) 15. Qa4 Ne5 16. f4 Nd7 17. b4 Nxc4 18. Nxc4 b5 19. Nxb5 axb5 20. Qxb5 Bxe4
21. Nxd6 Rxc1 22. Bxc1 Bxd6 23. Rxd6 Qc7 {1/2-1/2 Adams,M-Anastasian,A/London
1991/TD (42)}) 13... Re8 14. Rac1 Rc8 15. Rd2 (15. Qc2 Nce5 16. f4 Ng6 17. g3
Rc7 {1/2-1/2 Georgiev,K-Ribli,Z/Calcutta 1992/CBM 27 ext (17)}) 15... Nce5 16.
Qd1 Ng6 17. Qf1 Qc7 18. Rdd1 Qb8 19. f3 Bf6 20. Nab1 Bd8 21. Kh1 {1/2-1/2
Psakhis,L-Romanishin,O/Szirak 1986/MCL (21)}) 12... Re8 (12... Qc7 $2 13. Nd5 {
[%cal Gc1c7,Rd5c7,Rd5b6] [#]Das ist ein Schlüsselmotiv in dieser Variante und
der Grund aus dem der Springer auf d7 besser steht.} exd5 14. cxd5 Nxe4 15. Bf3
$16) 13. Qb3 {[%csl Rb6]} (13. Kh1 Rb8 14. Qd2 Ne5 15. f3 d5 16. Bf4 Bd6 17.
Rcd1 Qc7 18. cxd5 exd5 19. Nxd5 Nxd5 20. exd5 Ng6 21. Bxd6 Qxd6 22. Nc4 Qxd5
23. Nd6 Qxd2 24. Rxd2 Rbd8 25. Rfd1 Rxd6 26. Rxd6 Rxe2 27. Rxb6 Re7 {0-1
Gufeld,E-Andersson,U/Camaguey 1974/EXT 99 (96)}) 13... Nd7 {Der Springer
verteidigt nicht nur b6, sondern strebt nach c5 und der Läufer e7 kommt ins
Spiel über f6.} 14. Nab1 {Weiss verbessert seine Springerstellung. Der
Springer strebt nach d2.} (14. Rfd1 $5 Rc8 (14... Nc5 $5) 15. Rd2 Qc7 16. Kh1 (
16. Qd1 Qb8 17. f3 Ba8 18. Qf1 Nce5 19. Nab1 Nf6 20. Kh1 h6 21. Rdd1 Bf8 22.
Nd2 Rcd8 23. Qf2 Ned7 {0-1 Karpov,A-Andersson,U/Milano 1975/MCL/[ChessBase] 
(79)}) 16... Qb8 17. Qd1 Ba8 18. f3 Nce5 19. Qg1 {[%cal Yg1b6]} Bd8 20. Rcd1
Bc7 21. Nc2 Bb7 22. b3 Ng6 23. Bf1 {1-0 Bacrot,E-Romanishin,O/Linz 1997/CBM 59/
[Ribli] (77)}) 14... Rc8 {Die schwarzen Türme stehen auf c8 und e8 ideal, wenn
es Schwarz gelingt, ...b5 oder ...d5 durchzusetzen.} (14... Nc5 $5 15. Qc2 Bf6
$11 (15... Nb4 16. Qd2 d5 $11 (16... Nxe4 $2 17. Nxe4 Bxe4 18. Qxb4 $18))) 15.
Qd1 $11 (15. Rfd1 $11) 15... Na5 (15... Nc5 16. a3 $14 {[%cal Gb2b4]}) 16. Nd2
(16. b3 $5) 16... Bf6 {[%csl Gf6][%cal Gf6b2] Schwarz hat zwei Läufer in den
langen Diagonalen. In einigen Varianten ist das Feld d4 im weissen Lager
schwach.} 17. Re1 {Weiss macht Platz für seinen Läufer.} (17. f4 Qc7 $11) 17...
Nc6 {[%csl Yd4]} 18. Bf1 Nc5 {[%csl Gc5,Gc6,Gf6] Schwarz hat lebendiges
Figurenspiel, besonders seine Springer und der schwarzfeldrige Läufer stehen
gut.} 19. Nf3 {Weiss opfert einen Bauern, gewinnt ihn aber in wenigen Zügen
zurück.} (19. a3 $6 Ne5 $15 {[%csl Yd3][%cal Rc5d3,Re5d3]}) 19... Bxc3 (19...
Qc7 $11) 20. Rxc3 Nxe4 21. Rb3 {[%csl Rb6][%cal Re3b6,Rb3b6] Der b6-Bauern ist
nicht zu verteidigen.} Nc5 22. Bxc5 dxc5 {[%csl Yd4]} 23. Qxd8 Rexd8 24. Rxb6
Rc7 {[%csl Yd4][%cal Gd8d1] Nach forcierten Vereinfachungen haben wir eine
Stellung, in der Schwarz die einzige offene Linie kontrolliert. Andererseits
ist die weisse Bauernstruktur besser.} 25. Ne5 Nxe5 (25... Nb4 $11) (25... Nd4
26. Nd3 $14 {[%csl Rc5]}) 26. Rxe5 Kf8 {Der schwarze König strebt ins Zentrum.}
(26... Rd1 27. Rb3 $11 {[%cal Gb3d3]}) 27. f3 {[%cal Gg1f2] Weiss bereitet Kf2
vor und beschränkt die Beweglichkeit des b7-Läufers.} Ke7 28. Re3 Rd6 29. Reb3
{[%cal Rb3b7]} (29. Rxd6 Kxd6 $11) 29... Bc8 (29... Rxb6 30. Rxb6 $11) 30. a3
$6 {Nach diesem Zug kann schwarze Turm auf der zweiten Reihe eindringen.} (30.
Rxd6 Kxd6 31. Kf2 $11) 30... Rd2 31. Rd3 Rc2 {[%csl Gc2,Rc4][%cal Gc2b2,Gc2h2]}
(31... Rxd3 32. Bxd3 $11) 32. b3 Ra2 33. a4 (33. b4 cxb4 34. Rxb4 (34. axb4
Rxc4 $17) 34... a5 $15) 33... Rb2 34. h4 g6 35. Re3 Kf6 (35... Rd7 {[%cal
Gd7d1]} 36. Rc6 {[%cal Rc6c8,Rc6c5]} Kd8 37. Rxc5 Rd1 38. Rd3+ Rxd3 39. Bxd3
Rxb3 $11) 36. Kh2 g5 (36... h6 $11) 37. Kg3 (37. hxg5+ $142 Kxg5 38. Kg3 $11)
37... h6 38. Kg4 Rf2 {[%csl Rf1,Gf2]} 39. Re1 Rd2 {[%cal Rd2d4,Rd4h4]} 40.
hxg5+ hxg5 41. Re3 Kg6 $15 {Schwarz kontrolliert die d-Linie, die weisse
Bauernmehrheit ist blockiert, während Schwarz seine Mehrheit am Königsflügel
mobilisieren kann.} 42. Kg3 f5 {[%cal Rf5f4,Rf4e3,Rf4g3]} 43. Re2 Rd1 (43...
Rxe2 44. Bxe2 $11) 44. Kf2 g4 {[%csl Rf1,Rf2][%cal Rg4g3,Rg3f2]} (44... Kf6 $15
) 45. g3 {Weiss muss 45...g3 vermeiden.} (45. Re1 g3+ 46. Ke2 Rd4 $15) (45.
fxg4 $6 fxg4 $36 {[%cal Rc7f7,Rf7f1]}) 45... gxf3 46. Re3 Kg5 (46... Rh7 $5 $17
{[%csl Rf1,Rf2][%cal Gd1h1,Gh7h2,Gh2f2]}) 47. Rxf3 e5 {Schwarz mobilisiert
seine Bauern.} (47... Rh7 $5) 48. Rd3 Rxd3 49. Bxd3 e4 (49... Rd7 50. Be2 $15)
50. Bf1 f4 {[%csl Ge4,Gf4]} 51. gxf4+ Kxf4 {[%csl Gf4] Das Material ist
reduziert, aber Schwarz hat gefährliche Initiative. Sein König steht aktiv auf
f4.} 52. b4 {Weiss verschlimmert seine Bauernstruktur am Damenflügel, aber er
kann weiteres Material tauschen.} cxb4 53. Rxb4 Rc5 {[%csl Gc5] Der Turm
blockiert den c-Bauern.} 54. Rb8 Rc6 55. Ra8 Rc7 56. Rb8 Rc5 57. Ra8 a5 58. Rb8
Bd7 {[%csl Ra4][%cal Rd7a4] Schwarz gewinnt den a4-Bauern.} 59. Rf8+ Ke5 60.
Ke3 Bxa4 61. Bh3 {[%cal Gf8f5,Gf5a5]} Bc6 $6 {Die Annahme des Bauern wäre
gefährlicher für Weiss.} (61... Rxc4 62. Rf5+ Kd6 63. Bg2 {[%csl Ra5,Re4][%cal
Rg2e4,Rf5a5]} (63. Rxa5 Rc3+ 64. Kd2 $15 (64. Kxe4 $2 Rxh3 $17 {Theoretisch
ist dieses Endspiel remis, aber Weiss muss sehr präzise spielen, denn Schwarz
hat immer praktische Gewinnchancen.} 65. Rxa4 $4 Rh4+ $19 {[%cal Rh4a4]}) (64.
Kd4 Rd3+ 65. Kc4 (65. Kxe4 Rxh3 $17 66. Rxa4 $4 Rh4+ {[%cal Rh4a4]}) 65... Bb3+
$19)) 63... Rc3+ 64. Kxe4 Bc2+ (64... Bc6+ 65. Kd4 $11) 65. Kd4 Rd3+ 66. Kc4
Rg3 67. Rd5+ Ke6 68. Rd2 $15) 62. Rf5+ Kd6 63. Kd4 Rxf5 {Hier war Remis
gegeben. Weiss kann das Gleichgewicht leicht halten.} (63... Rxf5 64. Bxf5 a4
65. c5+ (65. Bxe4 Bxe4 66. Kc3 $11) 65... Ke7 66. Bxe4 Bxe4 67. Kc3 $11)
1/2-1/2

[Event "Griesheim GM"]
[Site "Griesheim"]
[Date "2002.01.28"]
[Round "6"]
[White "Naiditsch, Arkadij"]
[Black "Milov, Leonid"]
[Result "1-0"]
[WhiteElo "2532"]
[BlackElo "2470"]
[Annotator "Ribli,Z"]
[PlyCount "93"]
[EventDate "2002.01.23"]
[EventType "tourn"]
[EventRounds "9"]
[EventCountry "GER"]
[EventCategory "12"]
[SourceTitle "CBM 088"]
[Source "ChessBase"]
[SourceDate "2002.03.21"]
[SourceVersion "1"]
[SourceVersionDate "2002.03.21"]
[SourceQuality "1"]

1. e4 c5 2. Nf3 e6 3. d4 cxd4 4. Nxd4 Nc6 5. Nb5 d6 6. c4 {Mit diesem Zug
verschafft sich Weiß ein starkes Bauernzentrum. Der Nachteil dieses Systems
besteht darin, dass der Nb5 nicht gut steht. Weiß wird für seine Umplatzierung
noch mehr Zeit investieren müssen.} Nf6 7. N1c3 a6 8. Na3 {Der Springer steht
sonderbar auf a3, aber später gelangt er über c2 und d4 zurück ins Spiel.} (8.
Nd4 Bd7 $11) 8... b6 (8... Be7 9. Be2 O-O 10. O-O b6 11. Be3 Ne5 12. Qb3 Ned7
13. Rfd1 Qc7 14. Rac1 Bb7 15. f3 Rac8 16. Bf1 Kh8 17. Kh1 Rg8 18. Nab1 g5 19.
Qc2 Rg6 {0-1 Taivainen,J-Norri,J/FIN 2002/(39)}) 9. Be2 Bb7 10. O-O Be7 11. Be3
{Das ist eine Igelstellung, wie man sie heutzutage oft in der Turnierpraxis
vorfindet. Gewöhnlich erreicht man die Igelstellung aus der Englischen
Eröffnung (die c5-Varianten) und aus der Sizilianischen Verteidigung 
(Paulsen-Variante und - wie in unserer Partie - Taimanov-Paulsen-Variante)
heraus. Weiß besitzt hier spürbar Raumvorteil, aber Schwarz hat aufgrund
seiner elastischen Stellung auch seine Chancen.} Ne5 {Mit dem Textzug möchte
Schwarz die Stellung des Springers verbessern - er gehört nach d7.} (11... Nb8)
12. f3 (12. f4 Ned7 13. Bf3 O-O $11) 12... O-O 13. Qd4 {Dieser Zug wird
heutzutage selten gespielt - denn die Dame steht auf d4 recht exponiert. Die
Alternative 13.Qd2 erscheint mir natürlicher.} (13. Qb3 Ned7 14. Rfd1 Qc7 15.
Rd2 Rac8 16. Rad1 h6 17. Kh1 Rfe8 18. Nab1 Kh8 19. a4 Rg8 {0-1 Kokarev,
D-Bocharov,D/Vladimir RUS 2002/(47)}) 13... Ned7 14. Rfd1 Re8 (14... Qc7 15.
Rac1 Rac8 16. Bf1 Qb8 17. Qd2 Rfe8 18. Nc2 Bd8 19. Qf2 Bc7 20. Kh1 {1/2-1/2
Kaps,D-Gvetadze,S/Mureck 1998/CBM 65 ext (51)}) 15. Qd2 {Früher oder später
muss die Dame das Feld d4 räumen. Nach 14...Re8 muss Weiß immer das Motiv 15...
d5 beachten, und solange die Dame auf d4 steht, kann Bc5 unangenehm sein.} (15.
Bf2 Rc8 16. Bf1 Qc7 17. Kh1 Kh8 18. Nc2 Bc6 19. a4 Nc5 20. Ra3 Bb7 21. Ne3 Red8
22. b4 Ncd7 {1/2-1/2 Nielsen,U-Kruszynski,W/Lyngby 1989/EXT 97 (40)}) {[#]}
15... d5 $5 {[%mdl 512] Schwarz versucht sofort den Umstand auszunutzen, dass
sein Gegner erst 13.Qd4 und dann 15.Qd2 spielte - denn das war eigentlich ein
Tempoverlust. Die Fortsetzung 15...Qc7 verbunden mit der üblichen
Wartestrategie Rac8, bf8 wäre ruhiger, aber der Textzug ist auch sehr
interessant.} (15... Qc7 16. Rac1 Rac8 17. Kh1 Qb8 18. Bf1 h6 19. Nc2 Ne5 20.
b3 Ned7 21. Nd4 Qa8 22. Bg1 Bf8 23. Nc2 Qb8 {1/2-1/2 Naiditsch,A-Skripchenko
Lautier,A/Dortmund 2001/CBM 85 (46)}) (15... Rc8 16. Bf1 d5 17. exd5 exd5 18.
Nxd5 Nxd5 19. cxd5 Bd6 20. Bf4 Bxf4 21. Qxf4 b5 22. d6 Nf6 23. Rd2 Nd5 24. Qg3
Re6 25. Bd3 Rxd6 {1/2-1/2 Zjukin,S-Cummings,D/Istanbul 2000/EXT 2001 (30)}) 16.
cxd5 exd5 17. exd5 b5 {[%cal Rb5b4] Es droht 18...b4. Der Textzug schafft
Platz für den Springer auf b6.} 18. Nc2 Bd6 $44 {[%csl Gd6] Schwarz blockiert
den Pd5. Er hat dauerhafte Kompensation für den Bauern. Die Partie erinnert
mich an die Wettkampfpartie Karpov - Kasparov, Moskau 1985 (die "Partie des
Jahrhunderts"). Es ist dieselbe Eröffnung, und auch die Strategien der Spieler
stimmen überein.} 19. a3 Qc7 20. Kh1 $8 (20. f4 $6 Nc5 $44 {[%csl Ye4][%cal
Gc5e4,Gf6e4]} (20... Rxe3 21. Nxe3 Bxf4 22. g3 Bg5 $44)) 20... Nb6 (20... Bxh2
$4 21. d6 $18) 21. Bd4 Nbd7 (21... Nbxd5 22. Bxf6 gxf6 23. Nxd5 Bxd5 24. Qxd5
Qxc2 25. Bd3 Qc5 26. Bxh7+ Kg7 $16 (26... Kxh7 27. Qxf7+ Kh8 28. Qxf6+ Kg8 29.
Rd4 $18 (29. Qxd6 $4 Re1+ $19) (29. Rxd6 $18))) (21... Be5 $142 $5 $44 {
[%cal Ga8d8,Gd8d2]}) 22. Bg1 Rac8 (22... Bf4 $5 $44) 23. Bf1 $14 {Langsam kann
Weiß seine Stellung konsolidieren.} Nb6 (23... Nxd5 $2 {Es hat den Anschein,
als sollte Schwarz den Bauern zurückgewinnen.} 24. Nxd5 Qxc2 25. Nc3 $18 {
[%cal Rd1d7]}) (23... Nc5 $5) 24. Ne3 {Der Pd5 ist verteidigt. Schwarz muss
nun auch mit der positionellen Drohung 25.Nf5 rechnen.} Bf4 (24... Nc4 25. Nxc4
(25. Bxc4 bxc4 26. Nf5 $14) 25... bxc4 26. Qc2 $14) (24... g6 25. Nf5) 25. d6
Qc5 (25... Qd7 26. Qd4 Bxe3 27. Bxe3 $16) 26. Ng4 $1 {[%cal Rg1c5,Rg4f6][%mdl
2048]} Qg5 (26... Bxd2 27. Nxf6+ gxf6 28. Bxc5 Rxc5 29. Rxd2 $16) 27. Nxf6+
gxf6 {Das bedeutet die Schwächung der schwarzen Bauernstruktur. Mit dem
Textzug will Schwarz aber vor allem den möglichen Damentausch (27...Qxf6 28.
Qd4) vermeiden.} (27... Qxf6 28. Qd4 Nd7 (28... Qxd4 29. Rxd4 $18) 29. Qxf6 $16
) 28. Qd3 $16 {Weiß hat einen Bauern mehr und die viel bessere Bauernstruktur.}
Nd7 29. Ne2 (29. a4 b4 30. Nd5 $16) 29... Be5 (29... Be3 30. Ng3 $16) 30. Qd2 (
30. f4 Bxf4 31. Qh3 $16 (31. Nxf4 Qxf4 32. Qh3 $16)) 30... Qxd2 (30... Qh5 31.
f4 $18) (30... Qg6 31. Nd4 $16) 31. Rxd2 {Jetzt droht 32.f4 mit Läuferfang.} f5
32. f4 Bf6 33. Ng3 {[%csl Rf5] Schwarz hat einen Bauern weniger, und sein Pf5
ist schwach.} Be4 34. a4 $1 bxa4 (34... Rb8 35. axb5 axb5 36. Ra7 $16) 35. Bxa6
(35. Rxa4 $16) 35... Rb8 36. Rxa4 Bxb2 (36... Rxb2 37. Rxb2 Bxb2 38. Bb5 Rd8
39. Nxe4 fxe4 40. Rxe4 Nf6 41. Re2 $18) 37. Rc4 {[%cal Rc4c7,Rc7d7]} Bg7 38.
Rc7 Red8 (38... Rbd8 39. Bb5 $18) 39. Nh5 (39. Bd3 $5) 39... Ba1 40. h3 {
Weiß schafft sich ein Schlupfloch auf h2 und möchte nun den Bg1 wieder ins
Spiel bringen.} Kf8 41. Kh2 Bh8 42. Bf2 {[%cal Rf2h4,Rh4d8]} Ba1 43. Bh4 f6 44.
Bc4 {[%cal Gc4g8]} Bc3 45. Ra2 Bd4 46. Be6 $18 Rb7 (46... Nc5 47. Rf7+ $18) 47.
Bxf5 $1 1-0